000 00334pab a2200145 454500
008 180718b2005 xxu||||| |||| 00| 0 eng d
100 _aMohan, N. Chandra
245 _aStepping up FDI into India
260 _c2005
300 _ap.13-22.
362 _aApr-Jun
650 _aForeign investment
773 _aMargin
909 _a67151
999 _c67151
_d67151